<?xml version="1.0" encoding="UTF-8"?>
<record
    xmlns:xsi="http://www.w3.org/2001/XMLSchema-instance"
    xsi:schemaLocation="http://www.loc.gov/MARC21/slim http://www.loc.gov/standards/marcxml/schema/MARC21slim.xsd"
    xmlns="http://www.loc.gov/MARC21/slim">

  <leader>00757cam a2200229Ka 4500</leader>
  <datafield tag="999" ind1=" " ind2=" ">
    <subfield code="c">7305</subfield>
    <subfield code="d">7305</subfield>
  </datafield>
  <controlfield tag="001">57545915</controlfield>
  <controlfield tag="003">OCoLC</controlfield>
  <controlfield tag="005">20190207120456.0</controlfield>
  <controlfield tag="008">050201s2005    nyu      b    000 0 eng  </controlfield>
  <datafield tag="040" ind1=" " ind2=" ">
    <subfield code="a">SPB</subfield>
    <subfield code="c">SPB</subfield>
    <subfield code="d">OCLCQ</subfield>
    <subfield code="d">OSS</subfield>
  </datafield>
  <datafield tag="082" ind1=" " ind2=" ">
    <subfield code="a">230</subfield>
    <subfield code="b">R845O</subfield>
  </datafield>
  <datafield tag="090" ind1=" " ind2=" ">
    <subfield code="a">BS1192.5</subfield>
    <subfield code="b">.R3132 2005</subfield>
  </datafield>
  <datafield tag="240" ind1="1" ind2="0">
    <subfield code="a">Theologie des Alten Testaments.</subfield>
    <subfield code="l">English</subfield>
  </datafield>
  <datafield tag="245" ind1="1" ind2="0">
    <subfield code="a">Old Testament theology /</subfield>
    <subfield code="c">bY wOLFGANG M.W Roth.</subfield>
  </datafield>
  <datafield tag="250" ind1=" " ind2=" ">
    <subfield code="a">Prince Press ed</subfield>
  </datafield>
  <datafield tag="260" ind1=" " ind2=" ">
    <subfield code="a">Peabody, MA :</subfield>
    <subfield code="b">Prince Press,</subfield>
    <subfield code="c">2005</subfield>
  </datafield>
  <datafield tag="300" ind1=" " ind2=" ">
    <subfield code="a">2 v. in one ;</subfield>
    <subfield code="c">24 cm</subfield>
  </datafield>
  <datafield tag="504" ind1=" " ind2=" ">
    <subfield code="a">Includes bibliographical references</subfield>
  </datafield>
  <datafield tag="505" ind1="0" ind2=" ">
    <subfield code="a">v. 1. The theology of Israel's historical traditions. -- v. 2. The theology of Israel's prophetic traditions</subfield>
  </datafield>
  <datafield tag="630" ind1="0" ind2="0">
    <subfield code="a">Bible.</subfield>
    <subfield code="p">O.T.</subfield>
    <subfield code="x">Theology</subfield>
  </datafield>
  <datafield tag="942" ind1=" " ind2=" ">
    <subfield code="2">ddc</subfield>
    <subfield code="c">BK</subfield>
  </datafield>
  <datafield tag="952" ind1=" " ind2=" ">
    <subfield code="0">0</subfield>
    <subfield code="1">0</subfield>
    <subfield code="2">ddc</subfield>
    <subfield code="4">0</subfield>
    <subfield code="7">0</subfield>
    <subfield code="8">NFIC</subfield>
    <subfield code="a">HMC</subfield>
    <subfield code="b">HMC</subfield>
    <subfield code="c">GEN</subfield>
    <subfield code="d">2019-02-07</subfield>
    <subfield code="g">850.00</subfield>
    <subfield code="l">0</subfield>
    <subfield code="o">230 R845O</subfield>
    <subfield code="p">008322</subfield>
    <subfield code="r">2019-02-07 00:00:00</subfield>
    <subfield code="w">2019-02-07</subfield>
    <subfield code="y">BK</subfield>
  </datafield>
</record>
